| 000 | 00458nam a2200169Ia 4500 | ||
|---|---|---|---|
| 999 |
_c307 _d307 |
||
| 020 | _a0 52120 719 3 | ||
| 082 | _a382.0973 INT; | ||
| 245 | 0 | _aInternational trade and finance: frontiers for research | |
| 260 |
_aCambridge _bCambridge University Press _c1975 |
||
| 300 | _axvii, 539p. | ||
| 650 | _aEconomic policy | ||
| 650 | _aLectures and lecturing | ||
| 650 | _aEconomic development | ||
| 650 | _aEconometrics | ||
| 700 | _aKenen, Peter B | ||
| 942 | _cBK | ||